La vida en el arte : (Record no. 10801)

MARC details
000 -CABECERA
campo de control de longitud fija 01243nam a22002777a 4500
001 - NÚMERO DE CONTROL
campo de control BRCA_9182
003 - IDENTIFICADOR DEL NÚMERO DE CONTROL
campo de control FranzMayer
005 - FECHA Y HORA DE LA ÚLTIMA TRANSACCIÓN
campo de control 20220809125252.0
008 - DATOS DE LONGITUD FIJA--INFORMACIÓN GENERAL
campo de control de longitud fija 220701b |||||||| |||| 00| 0 spa d
020 ## - NÚMERO INTERNACIONAL ESTÁNDAR DEL LIBRO
Número Internacional Estándar del Libro 9786077985334
040 ## - FUENTE DE LA CATALOGACIÓN
Centro/agencia transcriptor MFM
041 ## - CÓDIGO DE LENGUA
Código de lengua del texto/banda sonora o título independiente spa
050 ## - SIGNATURA TOPOGRÁFICA DE LA BIBLIOTECA DEL CONGRESO
Número de clasificación NK1525.55 P67
Número de documento/Ítem V53 2020 v.12
245 ## - MENCIÓN DE TÍTULO
Título La vida en el arte :
Resto del título Escritos de Clara Porset /
Mención de responsabilidad, etc. Ana Elena Mallet ed.
260 ## - PUBLICACIÓN, DISTRIBUCIÓN, ETC.
Lugar de publicación, distribución, etc. Ciudad de México
Nombre del editor, distribuidor, etc. Alias
Fecha de publicación, distribución, etc. 2020
300 ## - DESCRIPCIÓN FÍSICA
Extensión 332 p. :
Otras características físicas il. ;
Dimensiones 14 x 21.5 cm.
490 ## - MENCIÓN DE SERIE
Mención de serie Antítesis
500 ## - NOTA GENERAL
Nota general Ubicación: L60-N1
505 ## - NOTA DE CONTENIDO CON FORMATO
Título Prólogo /
Mención de responsabilidad Ana Elena Mallet
508 ## - NOTA DE CRÉDITOS DE CREACIÓN O PRODUCCIÓN
Nota de créditos de creación o producción La producción de esta publicación no hubiera sido posible sin el generosos apoyo de Comex
520 ## - SUMARIO, ETC.
Sumario, etc. Compilación de escritos realizados por Clara Porset publicados en medios especializados de Cuba, Estados Unidos y México entre 1930 y 1965. En estos documentos ella expresó sus ideas y planteó los posibles escenarios en los que ella veía el diseño como una herramienta de cambio para mejorar la vida diaria, especialmente entre los estamentos sociales desfavorecidos.
600 ## - PUNTO DE ACCESO ADICIONAL DE MATERIA--NOMBRE DE PERSONA
Nombre de persona Porset, Clara,
Fechas asociadas al nombre 1895-1981
9 (RLIN) 3389
650 ## - PUNTO DE ACCESO ADICIONAL DE MATERIA--TÉRMINO DE MATERIA
Término de materia o nombre geográfico como elemento de entrada Artes decorativas
Subdivisión de forma Ensayos
Subdivisión geográfica México
9 (RLIN) 28399
942 ## - ELEMENTOS DE PUNTO DE ACCESO ADICIONAL (KOHA)
Fuente del sistema de clasificación o colocación Library of Congress Classification
Tipo de ítem Koha Libros
Holdings
Estado de retiro Estado de pérdida Fuente del sistema de clasificación o colocación Estado dañado No para préstamo Localización permanente Ubicación/localización actual Fecha de adquisición Total de préstamos Signatura topográfica completa Código de barras Fecha visto por última vez Número de copia Precio válido a partir de Tipo de ítem Koha
El ejemplar forma parte de la colección y puede ser consultado según las políticas vigentes.   Library of Congress Classification     Biblioteca del Museo Franz Mayer (Rogerio Casas-Alatriste) Biblioteca del Museo Franz Mayer (Rogerio Casas-Alatriste) 01/07/2022   NK1525.55 P67 V53 2020 v.12 CONT9955 01/07/2022 1 01/07/2022 Libros